Lolita

Historia que muestra la pasión de un hombre de mediana edad, llamado Humbert, con una adolescente joven de 15 años, quien es la hija de su casera. Buscando estar cerca de ella, planea casarse con la madre de la niña y así continuar con su secreta obsesión.

Detalles Bibliográficos
Otros Autores: Kubrick, Stanley 1928-1999 (Conductor)
Formato: DVD
Lenguaje:inglés
Publicado: Estados Unidos: MG, 1962.
Materias:

MARC

LEADER 00000cgm a2200000 a 4500
001 030729
003 UAHC_CL
005 20190731064526.0
008 111219b1962 us 000 eng
952 |0 0  |1 0  |4 0  |6 DVD_459  |7 0  |8 COMP  |9 60095  |a BC  |b BC  |c Referencia  |d 2017-08-03  |l 1  |o DVD-459  |p 1390383  |r 2022-01-14 00:00:00  |s 2017-12-01  |t c.1  |w 2017-08-03  |y DVD 
952 |0 0  |1 0  |4 0  |6 DVD_459  |7 0  |8 COMP  |9 89970  |a BS  |b BS  |c Referencia  |d 2018-05-08  |e DONACION  |l 4  |o DVD-459  |p 3033  |r 2021-12-01 00:00:00  |s 2019-06-24  |t c.1  |w 2018-05-08  |y DVD 
999 |c 30729  |d 30729 
040 |a UAHC_CL  |c UAHC_CL  |d UAHC_CL 
245 1 0 |a Lolita   |c Stanley Kubrick. 
260 |a Estados Unidos:  |b MG,  |c 1962. 
300 |a  1 videodisco (152 min.). 
520 |a Historia que muestra la pasión de un hombre de mediana edad, llamado Humbert, con una adolescente joven de 15 años, quien es la hija de su casera. Buscando estar cerca de ella, planea casarse con la madre de la niña y así continuar con su secreta obsesión. 
650 4 |a CINE 
700 |a Kubrick, Stanley   |d 1928-1999  |e dir.  |9 3392 
900 |a DVD-459 
942 |c DVD  |2 ddc